Statistics for Age of Empires II Unique Warriors

Click here to take the quiz!

General Stats

  • This quiz has been taken 342 times
  • The average score is 14 of 21

Answer Stats

Civilization Unit % Correct
BritonsLongbowman
88%
JapaneseSamurai
86%
TeutonsTeutonic Knight
83%
AztecsJaguar Warrior
82%
PersiansWar Elephant
81%
Spanish #1Conquistador
76%
ByzantinesCataphract
74%
Vikings #2Longboat
70%
Vikings #1Berserker
68%
Koreans #2Turtle Ship
67%
FranksThrowing Axeman
63%
CeltsWoad Raider
63%
GothsHuskarl
62%
ChineseChu Ko Nu
62%
TurksJanissary
62%
Koreans #1War Wagon
58%
MongolsMangudai
57%
HunsTarkan
56%
SaracensMameluke
56%
Spanish #2Missionary
55%
MayansPlumed Archer
52%

Score Distribution

Percentile by Number Answered

Percent of People with Each Score

Your Score History

You have not taken this quiz